000 00409nam a22001457a 4500
003 PILC
005 20151005120249.0
008 151005b xxu||||| |||| 00| 0 eng d
020 _a9789351155157
050 _aQA 76.9.V5
_b.P348 2015
245 _aPC assembling and troubleshooting /
260 _b3G elearning,
_c2015.
300 _av, 260 pages :
_billustrations ;
_c24 cm. +
_e1 DVD.
942 _2lcc
_cBK
_kFOR
999 _c288804
_d288804